000 02072nam a2200469 c 4500
001 52220
003 ES-MaCES
005 20250203133828.0
007 cr |||||||||||
008 220418s2022 sp l o000 | spa d
017 _aM 11057-2022
_bDL
040 _aES-MaCES
_bspa
_cES-MaCES
110 2 _92408
_aConsejo Económico y Social (España)
245 1 0 _aDictamen 03-2022 sobre el Anteproyecto de Ley reguladora de la protección de las personas que informen sobre infracciones normativas y de lucha contra la corrupción por la que se transpone la Directiva (UE) 2019/1937 del Parlamento Europeo y del Consejo, de 23 de octubre de 2019, relativa a la protección de las personas que informen sobre infracciones del Derecho de la Unión
_b: Sesión ordinaria del Pleno de 30 de marzo de 2022
_cConsejo Económico y Social
250 _a1ª ed
260 _aMadrid
_bConsejo Económico y Social
_c2022
300 _a15 p.
_c21 cm
_e1 documento pdf (151 kb)
490 1 _aColección Dictámenes
_v3-2022
541 _cGratuito
610 1 4 _940276
_aUnión Europea
_tDirectiva relativa a la protección de las personas que informen sobre infracciones del Derecho de la Unión, 2019
650 4 _aprotección de los datos
_929496
650 4 _aconfidencialidad
_929005
650 4 _adivulgación de la información
_929540
650 4 _aderechos civiles
_930100
650 4 _adenuncia
_930334
650 4 _amala conducta
_930408
650 4 _acorrupción
_929365
650 4 _adelito
_927046
650 4 _apráctica ilegal
_930627
650 4 _aderecho comunitario
_929866
650 4 _amecanismo de control
_929918
650 4 _aDirectiva de la CE
_929873
650 4 _aarmonización
_929884
650 4 _aEspaña
_926964
650 4 _arégimen jurídico
_929894
650 4 _adictamen
_930802
653 1 0 _aDerecho civil
830 0 _932521
_aColección Dictámenes (Consejo Económico y Social (España))
_v3-2022
856 4 _uhttp://www.ces.es/documents/DIC/2022/03
_ytexto completo
902 _aLIB Libro
942 _2CES
_cBK
_h6.0.7.
999 _c52220
_d52220